000
00325nam a22001577a 4500
003
OSt
020
_a
NA
040
_c
0
082
_2
22
_a
621.38119
100
_a
Kissell, Thomas K.
245
_a
Industrial electronics /
250
_a
3rd ed.
260
_b
Prentice Hall,
_c
c2004.
300
_a
0
_b
ill. ;
942
_2
ddc
_c
EE
999
_c
4385
_d
4385